The Excavations of Beth Shemesh, November-December 1912 /
Main Author:
Format: Book
Language: English
Published:
London ; New York, NY :
Routledge/Taylor & Francis Group,
2016.
Series:
Palestine Exploration Fund annual ;
13.
PEFA ;
13.
Subjects:
Tags: Add Tag
Call Number: DS111 .A1 P28 v.13
| LEADER | 01065namaa2200289 4500 | ||
|---|---|---|---|
| 003 | OSt | ||
| 005 | 20260505102042.0 | ||
| 008 | 130303t20162016enkab b 001 0 eng d | ||
| 020 | |a 9781138640740 | ||
| 040 | |c ARCE Library | ||
| 043 | |a a-is--- | ||
| 050 | 4 | |a DS111 .A1 P28 v.13 | |
| 100 | 1 | |a Mackenzie, Duncan, |d 1861-1934, |e author | |
| 245 | 1 | 4 | |a The Excavations of Beth Shemesh, November-December 1912 / |c Duncan Mackenzie, Shlomo Bunimovitz, Zvi Lederman, and Nicoletta Momigliano. |
| 264 | 1 | |a London ; |a New York, NY : |b Routledge/Taylor & Francis Group, |c 2016. | |
| 264 | 4 | |c ©2016. | |
| 300 | |a xii, 150 pages : |b Illustrations, maps ; |c 28 cm. | ||
| 490 | 1 | |a Palestine Exploration Fund annual ; |v 13. | |
| 490 | 1 | |a PEFA ; |v 13. | |
| 504 | |a Includes bibliographical references (142-145) and index. | ||
| 650 | 0 | |a Excavations (Archaeology) |z Israel |z Bet-Shemesh (Extinct city) | |
| 651 | 0 | |a Bet-Shemesh (Extinct city) | |
| 830 | 0 | |a Palestine Exploration Fund annual ; |v 13. | |
| 830 | 0 | |a PEFA ; |v 13. | |
| 901 | |a reviewed | ||
| 942 | |c BK |2 lcc | ||
| 999 | |c 762 |d 762 | ||
